• 首页
  • 本馆介绍
  • 公告通知
  • 最新文献
  • 馆藏检索
  • 电子资源
  • 读者导购
  • 参考咨询
  • 我的图书馆
  • 登录
  • 详细信息显示
  • 放入我的书架
  • 预约/预借图书
  • 作者相关作品
  • 分类相关作品
  • 丛书相关作品
  • 出版社相关作品

书目信息

  • 表格格式
  • 工作单格式
  • 卡片格式
题名:
图解九型人格
    
 
作者: 廖春红 编著
分册:  
出版信息: 北京   中国华侨出版社  2017
页数: 20,436页
开本: 25cm
丛书名:
单 册:
中图分类: B848-49
科图分类:
主题词: 人格心理学--通俗读物
电子资源:
ISBN: 978-7-5113-6760-0
000 00809nam0 2200229 450
001 289
005 20180520204007.74
010    @a978-7-5113-6760-0@dCNY39.80
100    @a20170802d2017 em y0chiy50 ea
101 0  @achi
102    @aCN@b110000
105    @aa z 000yy
200 1  @a图解九型人格@9tu jie jiu xing ren ge@f廖春红编著
210    @a北京@c中国华侨出版社@d2017
215    @a20,436页@d25cm
300    @a全彩图解 典藏版
330    @a本书以浅显易懂的语言,描述了九型人格这种准确、科学、实用、系统的人格分析方式,阐释了九型人格的基本原理,研究了九型人格运用的心理基础,解析了各类型人格的性格特征、发展层级、互动关系等。
606 0  @a人格心理学@j通俗读物
690    @aB848-49@v5
701  0 @a廖春红@9liao chun hong@c(女)@4编著
801  0 @aCN@b91MARC@c20170802
905    @aMuseLib@dB848-49@e1915
    
    图解九型人格/廖春红编著.-北京:中国华侨出版社,2017
    20,436页;25cm
    全彩图解 典藏版
    
    ISBN 978-7-5113-6760-0:CNY39.80
    本书以浅显易懂的语言,描述了九型人格这种准确、科学、实用、系统的人格分析方式,阐释了九型人格的基本原理,研究了九型人格运用的心理基础,解析了各类型人格的性格特征、发展层级、互动关系等。
●
相关链接 在E读中查询图书 在五车中查询图书 在当当中查询图书 在豆瓣中查询图书


正题名:图解九型人格     索取号:B848-49/1915         预约/预借

序号 登录号 条形码 馆藏地/架位号 状态 备注
1 1101672   211016728   第一借阅区/ [索取号:B848-49/1915] 在馆    
2 1101673   211016737   教育系资料室/ [索取号:B848-49/1915] 在馆    
3 1101674   211016746   教育系资料室/ [索取号:B848-49/1915] 在馆    
4 1101675   211016755   教育系资料室/ [索取号:B848-49/1915] 在馆    
5 1101676   211016764   第一借阅区/ [索取号:B848-49/1915] 在馆    
6 1101677   211016773   第一借阅区/ [索取号:B848-49/1915] 在馆    
7 992644   209926446   第一样本阅览室/ [索取号:B848-49/1915] 在馆    
8 992645   209926455   第一借阅区/ [索取号:B848-49/1915] 在馆    
9 992646   209926464   第一借阅区/ [索取号:B848-49/1915] 在馆    
10 992647   209926473   第一借阅区/ [索取号:B848-49/1915] 在馆    
11 992648   209926482   第一借阅区/ [索取号:B848-49/1915] 在馆    
12 992649   209926491   密集书库-史法系/ [索取号:B848-49/1915] 在馆    
唐山师范学院图书馆 欢迎您!
大连网信软件有限公司© 版权所有